Normal view MARC view

Entry Personal Name

Number of records used in: 1

001 - CONTROL NUMBER

  • control field: 176

003 - CONTROL NUMBER IDENTIFIER

  • control field: PK-NaQUE

005 - DATE AND TIME OF LATEST TRANSACTION

  • control field: 20260601085004.0

008 - FIXED-LENGTH DATA ELEMENTS

  • fixed length control field: 260601|| aca||aabn | a|a d

040 ## - CATALOGING SOURCE

  • Original cataloging agency: PK-NaQUE
  • Transcribing agency: PK-NaQUE

100 ## - HEADING--PERSONAL NAME

  • Personal name: Mukherjee, Akshoy Ranjan

670 ## - SOURCE DATA FOUND

  • Source citation: Work cat.: (PK-NaQUE)5281: Mukherjee, Akshoy Ranjan, Fundamentals of Mechanical Sciences: engineering thermodynamics, 2013.